000 01089cam a22003013a 4500
001 1199
005 20250826105236.0
020 _a0439631610 (pbk.) :
_c$3.99
040 _aIMF
_cIMF
_dDLC
_beng
050 0 0 _aCPB Box no. 2266 vol. 8
100 1 _aDadey, Debbie.
245 1 0 _aLizards in the lunch line /
_cby Debbie Dadey ; illustrations by Margeaux Lucas.
246 1 _iAt head of title:
_aSwamp monster in third grade
260 _aNew York :
_bScholastic, Inc.,
_c2004.
300 _a79 pages. :
_billustrations. ;
_c20 cm.
490 0 _aSwamp monster in third grade
500 _a"A Little Apple paperback".
505 _aP
520 _a"Jake has a secret. He can turn from a swamp monster into a kid. But he's not going to brag about it...well, maybe just a little..."--P. [4] of cover.
521 _a650
_bLexile
521 _aP
_bRaz-Plus
650 0 _aLizards
_vFiction.
650 0 _aSchools
_vFiction.
655 7 _aChildren's stories.
_2lcsh
700 1 _aLucas, Margeaux.
906 _a7
_bcbc
_ccopycat
_d2
_encip
_f20
_gy-genrareb
942 _2ddc
_cBK
_n0
999 _c1199
_d1199